Inhuman wrongs and human rights / (Record no. 155581)

MARC details
000 -LEADER
fixed length control field 00912nam a22002777a 4500
003 - CONTROL NUMBER IDENTIFIER
control field dpl
005 - DATE AND TIME OF LATEST TRANSACTION
control field 20180806171904.0
008 - FIXED-LENGTH DATA ELEMENTS--GENERAL INFORMATION
fixed length control field 180806b xxu||||| |||| 00| 0 eng d
010 ## - LIBRARY OF CONGRESS CONTROL NUMBER
LC control number A-743298
016 ## - NATIONAL BIBLIOGRAPHIC AGENCY CONTROL NUMBER
Record control number A-743298
035 ## - SYSTEM CONTROL NUMBER
System control number A-743298
037 ## - SOURCE OF ACQUISITION
Source of stock number/acquisition Cen Lib/Ret
040 ## - CATALOGING SOURCE
Original cataloging agency DPL
Language of cataloging EN
Transcribing agency 0
082 ## - DEWEY DECIMAL CLASSIFICATION NUMBER
Classification number 323
Item number BAX
100 ## - MAIN ENTRY--PERSONAL NAME
Personal name Baxi, Upendra
245 ## - TITLE STATEMENT
Title Inhuman wrongs and human rights /
Statement of responsibility, etc by Upendra Baxi
260 ## - PUBLICATION, DISTRIBUTION, ETC. (IMPRINT)
Place of publication, distribution, etc Delhi
Name of publisher, distributor, etc Har-anand publications
Date of publication, distribution, etc 1994
270 ## - ADDRESS
Address 364-A, chirag delhi,
City New delhi
Postal code 110017
300 ## - PHYSICAL DESCRIPTION
Extent xii, 172p.
Dimensions 20cm(Hb)
500 ## - GENERAL NOTE
General note Includes index
650 ## - SUBJECT ADDED ENTRY--TOPICAL TERM
Topical term or geographic name as entry element Human right monitoring
9 (RLIN) 5513
650 ## - SUBJECT ADDED ENTRY--TOPICAL TERM
Topical term or geographic name as entry element Human right-Law and legislation
9 (RLIN) 5514
650 ## - SUBJECT ADDED ENTRY--TOPICAL TERM
Topical term or geographic name as entry element मानव अधिकार निगरानी
9 (RLIN) 69289
650 ## - SUBJECT ADDED ENTRY--TOPICAL TERM
Topical term or geographic name as entry element मानव अधिकार-कानून और विधान
9 (RLIN) 5516
942 ## - ADDED ENTRY ELEMENTS (KOHA)
Source of classification or shelving scheme Dewey Decimal Classification
Koha item type English Books
Classification part 323
Call number suffix BAX
Holdings
Withdrawn status Lost status Source of classification or shelving scheme Damaged status Not for loan Collection code Home library Current library Date acquired Source of acquisition Cost, normal purchase price Total Checkouts Full call number Barcode Date last seen Date checked out Cost, replacement price Price effective from Koha item type
    Dewey Decimal Classification     Non-fiction Shahdara Branch Shahdara Branch 06/08/2018 BPPD/PUB 0.00 1 323 BAX A-743298 31/12/2020 14/12/2020 0.00 06/08/2018 English Books

© Delhi Public Library
Hit Counter
free hit counter